MARC

LEADER 00000nam0a2200000 4500
001 377100
005 20231102012900.0
035 |a (RuTPU)RU\TPU\retro\34546 
090 |a 377100 
100 |a 20230208d1930 km y0rusy50 ca 
101 0 |a rus 
102 |a RU 
105 |a a z 000zy 
200 1 |a Стандартизация сельскохозяйственных продуктов в Америке и Западной Европе  |f Комитет по стандартизации при СТО ; под ред. З. А. Папернова 
210 |a Москва  |c Техника Управления  |d 1930 
215 |a 79 с.  |c ил. 
606 1 |a Сельскохозяйственная продукция  |x В целом  |2 stltpush  |3 (RuTPU)RU\TPU\subj\54474  |9 72627 
610 1 |a стандартизация 
610 1 |a продукты 
610 1 |a сельскохозяйственное производство 
610 1 |a совхозы 
610 1 |a колхозы 
610 1 |a посевной материал 
610 1 |a стандарты 
610 1 |a сыры 
610 1 |a плоды 
610 1 |a овощи 
610 1 |a масло/вода 
610 1 |a картофель 
610 1 |a фрукты 
610 1 |a тара 
610 1 |a земледелие 
610 1 |a хлеб 
675 |a 63  |v 4 
702 1 |a Папернов  |b З. А.  |g [Захарий Абрамович]  |4 340 
712 0 1 |a СССР  |b Комитет по стандартизации при Совете Труда и Обороны (СТО)  |c (1925-1930)  |2 stltpush  |3 (RuTPU)RU\TPU\col\28161  |9 29041 
801 1 |a RU  |b 63413507  |c 20230208 
801 2 |a RU  |b 63413507  |c 20230214  |g RCR 
942 |c BK